<?xml version="1.0" encoding="UTF-8"?>
<record
    xmlns:xsi="http://www.w3.org/2001/XMLSchema-instance"
    xsi:schemaLocation="http://www.loc.gov/MARC21/slim http://www.loc.gov/standards/marcxml/schema/MARC21slim.xsd"
    xmlns="http://www.loc.gov/MARC21/slim">

  <leader>01974    a2200277   4500</leader>
  <controlfield tag="001">44839</controlfield>
  <controlfield tag="005">20260407155723.0</controlfield>
  <controlfield tag="008">260407a1991    arg                 spa d</controlfield>
  <controlfield tag="003">AR-UNSa-BCEJYS</controlfield>
  <datafield tag="040" ind1=" " ind2=" ">
    <subfield code="a">AR-UNSa-BCEJYS</subfield>
    <subfield code="b">spa</subfield>
    <subfield code="c">AR-UNSa-BCEJYS</subfield>
  </datafield>
  <datafield tag="080" ind1=" " ind2=" ">
    <subfield code="a">519.8</subfield>
    <subfield code="x">Investigaci&#xF3;n operativa</subfield>
  </datafield>
  <datafield tag="245" ind1="1" ind2="0">
    <subfield code="a">Introducci&#xF3;n a la investigaci&#xF3;n de operaciones</subfield>
  </datafield>
  <datafield tag="020" ind1=" " ind2=" ">
    <subfield code="a">968-422-993-3</subfield>
  </datafield>
  <datafield tag="250" ind1=" " ind2=" ">
    <subfield code="a">3a. ed.</subfield>
  </datafield>
  <datafield tag="264" ind1=" " ind2="1">
    <subfield code="a">M&#xE9;xico :</subfield>
    <subfield code="b">McGraw-Hill</subfield>
    <subfield code="c">1991</subfield>
  </datafield>
  <datafield tag="300" ind1=" " ind2=" ">
    <subfield code="a">xiv, 955 p.</subfield>
    <subfield code="c">24 cm.</subfield>
  </datafield>
  <datafield tag="505" ind1=" " ind2=" ">
    <subfield code="a">Parte 1: Introducci&#xF3;n: 1. La naturaleza de la investigaci&#xF3;n de operaciones &#x2013; 2. Panorama sobre el enfoque de modelado en la investigaci&#xF3;n de operaciones  -- Parte 2: Programaci&#xF3;n lineal: 3. Introducci&#xF3;n a la programaci&#xF3;n lineal &#x2013; 4. Soluci&#xF3;n de problemas de programaci&#xF3;n lineal: M&#xE9;todo simplex &#x2013; 5. Teor&#xED;a del m&#xE9;todo simplex &#x2013; 6. Teor&#xED;a de dualidad y an&#xE1;lisis de sensibilidad &#x2013; 7. Problemas especiales de programaci&#xF3;n lineal &#x2013; 8. Formulaci&#xF3;n de modelos de programaci&#xF3;n lineal, incluyendo programaci&#xF3;n por objetos &#x2013; 9. Otros algoritmos para programaci&#xF3;n lineal &#x2013; Parte 3: Programaci&#xF3;n matem&#xE1;tica: 10. An&#xE1;lisis de redes, incluyendo PERT- CPM &#x2013; 11. Programaci&#xF3;n din&#xE1;mica &#x2013; 12. Teor&#xED;a del juego &#x2013; 13. Programaci&#xF3;n entera &#x2013; 14. Programaci&#xF3;n no lineal &#x2013; Parte 4: Modelos probabil&#xED;sticos: 15. Cadenas de Markov &#x2013; 16. Teor&#xED;a de colas &#x2013; 17. Aplicaci&#xF3;n de la teor&#xED;a de colas &#x2013; 18. Teor&#xED;a de inventarios &#x2013; 19. Pron&#xF3;sticos &#x2013; 20. Procesos markovianos de decisi&#xF3;n y sus aplicaciones &#x2013; 21. Confiabilidad &#x2013; 22. An&#xE1;lisis de decisi&#xF3;n &#x2013; 23. Simulaci&#xF3;n - 

</subfield>
  </datafield>
  <datafield tag="041" ind1=" " ind2=" ">
    <subfield code="a">spa</subfield>
  </datafield>
  <datafield tag="942" ind1=" " ind2=" ">
    <subfield code="c">BK</subfield>
  </datafield>
  <datafield tag="590" ind1=" " ind2=" ">
    <subfield code="a">niveau_biblio:m niveau_hierar:0</subfield>
  </datafield>
  <datafield tag="100" ind1="1" ind2=" ">
    <subfield code="a">Gonz&#xE1;lez Osuna, Marcia</subfield>
  </datafield>
  <datafield tag="700" ind1="1" ind2=" ">
    <subfield code="a">Lieberman, Gerald J.</subfield>
  </datafield>
  <datafield tag="700" ind1="1" ind2=" ">
    <subfield code="a">Hillier, Frederick S.</subfield>
  </datafield>
  <datafield tag="700" ind1="1" ind2=" ">
    <subfield code="a">Cant&#xFA; Delgado, Jos&#xE9; Humberto</subfield>
  </datafield>
  <datafield tag="856" ind1="4" ind2="1">
    <subfield code="u">https://www.biblioeco.unsa.edu.ar/pmb/images/libros/L126998.jpg</subfield>
    <subfield code="y">Imagen de portada</subfield>
    <subfield code="q">image/jpeg</subfield>
  </datafield>
  <datafield tag="999" ind1=" " ind2=" ">
    <subfield code="c">3818</subfield>
    <subfield code="d">3818</subfield>
  </datafield>
  <datafield tag="952" ind1=" " ind2=" ">
    <subfield code="0">0</subfield>
    <subfield code="1">0</subfield>
    <subfield code="4">0</subfield>
    <subfield code="7">0</subfield>
    <subfield code="a">BCEJYS</subfield>
    <subfield code="b">BCEJYS</subfield>
    <subfield code="c">16</subfield>
    <subfield code="d">2026-04-07</subfield>
    <subfield code="l">0</subfield>
    <subfield code="o">519.8 H654 3ed.</subfield>
    <subfield code="p">L126998</subfield>
    <subfield code="r">2026-04-07 15:57:23</subfield>
    <subfield code="w">2026-04-07</subfield>
    <subfield code="y">L</subfield>
  </datafield>
</record>
